000 00738nam a2200229Ia 4500
001 15951
003 GE_BSU
008 181216s||||||||xx |||||||||||||| ||und||
040 _cGE_BSU
080 _a821.353.1-31
100 _aჯაფარიძე, რევაზ
245 _aჯარისკაცის ქვრივი. წ. 1
245 _bრომანი
245 _cრედ.: კ. ქილარჯიანი ; მხატვ: ვ. მესხი
260 _aთბილისი
260 _bსახელგამი
260 _c1956
300 _a450 გვ. : ილ.21 სმ
653 _aრომანი
653 _aჯარისკაცის ქვრივი
942 _cBK
999 _c49045
_d49045